Intelligent sensory evaluation : methodologies and applications (Record no. 216974)

MARC details
000 -LEADER
fixed length control field 00811nam a2200241Ia 4500
008 - FIXED-LENGTH DATA ELEMENTS--GENERAL INFORMATION
fixed length control field 191130s2004##################000#0#eng##
020 ## - INTERNATIONAL STANDARD BOOK NUMBER
ISBN 9783540203247
082 ## - DEWEY DECIMAL CLASSIFICATION NUMBER
Classification number 006.3 RUA
100 ## - MAIN ENTRY--AUTHOR NAME
Personal name Ruan, Da
245 ## - TITLE STATEMENT
Title Intelligent sensory evaluation : methodologies and applications
Statement of responsibility, etc Da Ruan, Xianyi Zeng (eds.)
260 ## - PUBLICATION, DISTRIBUTION, ETC. (IMPRINT)
Place of publication Berlin ; New York
Name of publisher Springer
Year of publication 2004
300 ## - PHYSICAL DESCRIPTION
Number of Pages xiii, 443 p. : ill. ; 24 cm
500 ## - GENERAL NOTE
General note Includes bibliographical references and index
650 ## - SUBJECT ADDED ENTRY--TOPICAL TERM
Topical Term Computational intelligence - Industrial applications
Topical Term Computational intelligence - Methodology
Topical Term Sensory evaluation - Data processing
700 ## - ADDED ENTRY--PERSONAL NAME
Personal name Zeng, Xianyi
991 ## -
-- 235151
Holdings
Withdrawn status Lost status Damaged status Not for loan Home library Current library Shelving location Date acquired Full call number Accession Number Price effective from Koha item type
        Anna Centenary Library Anna Centenary Library 3RD FLOOR, A WING 13.10.2020 006.3 RUA 304051 13.10.2020 English Books

Find us on the map